Vocabulario de las epístolas paulinas.

Guardat en:
Dades bibliogràfiques
Autor principal: Bouttier, Michel (autor)
Format: Llibre
Idioma:espanyol
Publicat: Estella (Navarra), España: Verbo Divino, 1997.
Edició:Segunda edición.
Col·lecció:Cuadernos bíblicos, 88.
Matèries:
Etiquetes: Afegir etiqueta
Sense etiquetes, Sigues el primer a etiquetar aquest registre!

MARC

LEADER 00000cam a2200000 a 4500
001 UCS5891
003 CL-VaPUC
005 20231120165520.0
008 970906t19970000SP |||||||||||||||||spa|d
020 |a 84-8169-091-0 
040 |c Pontificia Universidad Católica de Valparaíso 
082 0 4 |a 227 BOU 1997  |2 21 
100 |a Bouttier, Michel  |9 490649  |e autor 
245 1 0 |a Vocabulario de las epístolas paulinas. 
250 |a Segunda edición.  
260 0 3 |a Estella (Navarra), España:  |b Verbo Divino,   |c 1997. 
300 |a 68 páginas.  
490 0 |a Cuadernos bíblicos,   |v 88.  
500 |a c.1 Donación Sr. Jorge Precht Pizarro. 26-05-23. Biblioteca Teología.  
583 |k Yessy Sthefany Diaz Vidal  |c 20200825 
600 0 |a Pablo de Tarso, Santo  |x Cartas   |x Vocabulario griego   |9 321163 
650 0 |a Biblia  |9 257603  |x Nuevo testamento  |x Epístolas de Pablo   |v Diccionarios  
942 |c BK  |2 ddc 
945 |d 19970906 00:00:00  |a aalvarez 
999 |c 441679  |d 441677 
952 |0 0  |1 0  |2 ddc  |4 0  |6 227_000000000000000_BOU_1997  |7 0  |8 A  |9 591313  |a BIBTEO  |b BIBTEO  |c GEN  |d 2023-08-23  |e Donación  |i 5658457  |o 227 BOU 1997  |p 5658457  |r 2024-01-18  |t 1  |w 2023-08-23  |y BK  |k ICR